Intellectual Property Rights (Record no. 196543)

MARC details
000 -LEADER
fixed length control field 00691 a2200217 4500
005 - DATE AND TIME OF LATEST TRANSACTION
control field 20230714153043.0
010 ## - LCCN (DPL NO)
LC control number ENG-137401
020 ## - INTERNATIONAL STANDARD BOOK NUMBER
International Standard Book Number 9788194878148
Terms of availability 456.00
035 ## - SYSTEM CONTROL NUMBER
System control number EN-120933
037 ## - SOURCE OF ACQUISITION
Source of stock number/acquisition DBAD/Pub
082 14 - DEWEY DECIMAL CLASSIFICATION NUMBER
Classification number 346.54048
100 ## - MAIN ENTRY--PERSONAL NAME
Personal name Sudha, K.
245 1# - TITLE STATEMENT
Title Intellectual Property Rights
Statement of responsibility, etc K. Sudha, K. Sathish [and] B. Kanaka Laxmi
250 ## - EDITION STATEMENT
Edition statement First edition.
260 ## - PUBLICATION, DISTRIBUTION, ETC. (IMPRINT)
Place of publication, distribution, etc Hyderabad
Name of publisher, distributor, etc Spectrum Educational Books
Date of publication, distribution, etc 2022
270 ## - ADDRESS
Address 326/C, level-5, near B K Guda Park, S R Nagar
City Hyderabad
Postal code 500 038
300 ## - PHYSICAL DESCRIPTION
Extent vi, 226p.;
Dimensions 24cm(pbk)
700 ## - ADDED ENTRY--PERSONAL NAME
Personal name Sathish, K.
700 ## - ADDED ENTRY--PERSONAL NAME
Personal name Laxmi. B. Kanaka
942 ## - ADDED ENTRY ELEMENTS (KOHA)
Item type English Books
Source of classification or shelving scheme Dewey Decimal Classification
Classification part 346.54048
Call number suffix SUD
Edition First edition
Holdings
Withdrawn status Lost status Not for loan Collection code Home library Current library Date acquired Source of acquisition Cost, normal purchase price Full call number Barcode Copy number Cost, replacement price Koha item type
      Non-fiction Narela Narela 14/07/2023 DBAD/PUB 456.00 346.54048 SUD EN-120933 1 456.00 English Books

© Delhi Public Library
Hit Counter
free hit counter